LIBRARY & INFORMATION CENTRE, KCAET, TAVANUR

ONLINE PUBLIC ACCESS CATALOGUE (OPAC)

Watershed development with special reference to soil and water conservation / (Record no. 8526)

MARC details
000 -LEADER
fixed length control field 00452cam a2200157ua 4500
041 ## - LANGUAGE CODE
Language code of text/sound track or separate title eng
082 ## - DEWEY DECIMAL CLASSIFICATION NUMBER
Classification number 631.45
Item number GIL/WA
100 ## - MAIN ENTRY--AUTHOR NAME
Personal name Gil, N .
245 ## - TITLE STATEMENT
Title Watershed development with special reference to soil and water conservation /
250 ## - EDITION STATEMENT
Edition statement 1 /
260 ## - PUBLICATION, DISTRIBUTION, ETC. (IMPRINT)
Place of publication Rome :
Name of publisher Food and Agriculture organization of United States ,
Year of publication 1985.
300 ## - PHYSICAL DESCRIPTION
Number of Pages 257 ; .
942 ## - ADDED ENTRY ELEMENTS (KOHA)
Koha item type Books
Holdings
Withdrawn status Lost status Damaged status Home library Current library Date acquired Full call number Accession Number Koha item type
      KAUAET KAUAET 07/04/2012 631.45 18654 Reference
free website counter